Statistiques concernant Les règles du MC selon Kery James

Cliquez ici pour prendre le quiz!

Statistiques générales

  • Ce quiz a été pris 5 fois
  • Le résultat moyen est 5 sur 7

Statistiques - réponses

HintRéponse% Correct
1Tu ne dois dire que la vérité
100%
2Fais primer la qualité sur la quantité
80%
3Fais ton choix entre le respect et le succès
80%
7Ne baisse jamais ton froc
80%
6Allie le fond et la forme en respectant tes propres codes
60%
5Ne suis jamais la mode
60%
4Applique la première, t'auras pas besoin d'être vulgaire
40%

Distribution des résultats

Percentile par nombre de réponses

% des personnes avec chaque résultat

Votre développement - résultats

Vous n’avez pas pris ce quiz